000 00398nam a2200181Ia 4500
001 1340
005 20260306143721.0
008 260306t2000||||xx |||||||||||||| ||spa||
041 _aESP
082 _a194
_bW42
100 _aWeil, Simone
_eAUT
245 0 _aEscritos esenciales
260 _c2000
300 _a175 páginas :
_c
650 _aGEN
654 _aCHU
942 _cLIB
_dJUS
_fJUS
_2ddc
_n
999 _c1340
_d1340